| 000 | 00740nam a22002177a 4500 | ||
|---|---|---|---|
| 003 | OSt | ||
| 005 | 20251205034125.0 | ||
| 008 | 251205b |||||||| |||| 00| 0 eng d | ||
| 020 | _a9718581855 | ||
| 040 |
_aDWCL - Main _cOC |
||
| 082 | _aFil. 370.7 C257c 2004 | ||
| 100 |
_aCarag, Eduardo Acebo _eAuthor |
||
| 245 |
_aGuide to educational evaluation : _ba handbook / _cEduardo Acebo Carag [and two others] |
||
| 260 |
_aQuezon City, Philippines: _bGreat Book Publishing, _cc2004. |
||
| 300 |
_aix ,154 pages; _c18 cm. |
||
| 504 | _aIncludes bibliographical references. | ||
| 650 | _a1. Educational evaluation. | ||
| 700 |
_aI. Carag, Catalina Guingab _eAuthor |
||
| 700 |
_aII. Bhagwani, Ernie T. _eEditor |
||
| 942 |
_2ddc _cBK - FIL _n0 |
||
| 999 |
_c6923 _d6923 |
||